Don Juan cantos I-IV / (Record no. 21207)
[ view plain ]
| 000 -LEADER | |
|---|---|
| fixed length control field | 00824nam a22002771 4500 |
| 001 - CONTROL NUMBER | |
| control field | 21207 |
| 003 - CONTROL NUMBER IDENTIFIER | |
| rucl marc code | BD-RjUL |
| 005 - DATE AND TIME OF LATEST TRANSACTION | |
| control field | 20211209000648.0 |
| 008 - FIXED-LENGTH DATA ELEMENTS--GENERAL INFORMATION | |
| fixed length control field | 140303s1967 enk 000 1 eng |
| 035 ## - SYSTEM CONTROL NUMBER | |
| System control number | (BD-RjUL)21271 |
| System control number | (OCoLC)918076 |
| 040 ## - CATALOGING SOURCE | |
| Original cataloging agency | DLC |
| Transcribing agency | DeU |
| Modifying agency | BD-RjUL |
| Language of cataloging | eng |
| 041 ## - LANGUAGE CODE | |
| Language code of text/sound track or separate title | eng |
| 082 ## - DEWEY DECIMAL CLASSIFICATION NUMBER | |
| Classification number | 821.7 |
| Author mark and year | BYD 1967 |
| 100 1# - MAIN ENTRY--PERSONAL NAME | |
| Personal name | Byron, George Gordon Byron |
| Dates associated with a name | 1788-1824. |
| 9 (RLIN) | 65558 |
| 245 10 - TITLE STATEMENT | |
| Title | Don Juan cantos I-IV / |
| Statement of responsibility, etc. | Lord Byron; edited by T.S. Dorsch. |
| 250 ## - EDITION STATEMENT | |
| Edition statement | Abridged ed. |
| 260 ## - PUBLICATION, DISTRIBUTION, ETC. (IMPRINT) | |
| Place of publication, distribution, etc. | London : |
| Name of publisher, distributor, etc. | Routledge & K. Paul, |
| Date of publication, distribution, etc. | c1967. |
| 300 ## - PHYSICAL DESCRIPTION | |
| Pagination | xxxv, 169 p. ; |
| Size | 19 cm. |
| 490 ## - SERIES STATEMENT | |
| Series statement | Routledge English texts |
| 650 ## - SUBJECT ADDED ENTRY--TOPICAL TERM | |
| Topical term or geographic name as entry element | Don Juan (Legendary character) -- Poetry. |
| 9 (RLIN) | 65559 |
| 700 1# - ADDED ENTRY--PERSONAL NAME | |
| Personal name | Dorsch, T. S. |
| Relator term | ed. |
| 942 ## - ADDED ENTRY ELEMENTS (KOHA) | |
| Source of classification or shelving scheme | Dewey Decimal Classification |
| Koha item type | Books |
| Lost status | Source of classification or shelving scheme | Damaged status | Not for loan | Collection code | Permanent Location | Current Location | Shelving location | Date acquired | Source of acquisition | Cost, normal purchase price | Total Checkouts | Full call number | Date last seen | Copy number | Koha item type |
|---|---|---|---|---|---|---|---|---|---|---|---|---|---|---|---|
| Dewey Decimal Classification | Fiction | Central Library, University of Rajshahi | Central Library, University of Rajshahi | 28/12/1970 | Sweets & Zaitlinger | 18.00 | 821.7 BYD 1967 | 03/03/2014 | C-2 | Books | |||||
| Dewey Decimal Classification | Not For Loan | Non-fiction | Central Library, University of Rajshahi | Central Library, University of Rajshahi | Reading Room | 28/12/1970 | Swets & Zeitlinger | 18.00 | 821.7 BYD 1967 | 18/03/2020 | C-1 | Books | |||
| Dewey Decimal Classification | Non-fiction | Central Library, University of Rajshahi | Central Library, University of Rajshahi | 28/12/1970 | Swets & Zeitlinger | 18.00 | 821.7 BYD 1967 | 18/03/2020 | C-3 | Books |